THINKING STRATEGICALLY THE COMPETITIVE EDGE IN BUSINESS P (Record no. 14512)

MARC details
000 -LEADER
fixed length control field 00379nam a2200133Ia 4500
008 - FIXED-LENGTH DATA ELEMENTS--GENERAL INFORMATION
fixed length control field 240624s9999 xx 000 0 und d
041 ## - LANGUAGE CODE
Language code of text/sound track or separate title eng
082 ## - DEWEY DECIMAL CLASSIFICATION NUMBER
Classification number 658.4012 DIX
100 ## - MAIN ENTRY--PERSONAL NAME
Personal name DIXIT AVINASH K
245 ## - TITLE STATEMENT
Title THINKING STRATEGICALLY THE COMPETITIVE EDGE IN BUSINESS P
260 ## - PUBLICATION, DISTRIBUTION, ETC.
Date of publication, distribution, etc. 1993
Place of publication, distribution, etc. New York
Name of publisher, distributor, etc. W W Norton & Company
300 ## - PHYSICAL DESCRIPTION
Extent xi, : 393 : p. : cm. ; 20
365 ## - TRADE PRICE
Currency code
Price amount 30
Holdings
Withdrawn status Lost status Damaged status Not for loan Home library Current library Shelving location Date acquired Source of acquisition Cost, normal purchase price Total Holds Full call number Barcode Date last seen Copy number Price effective from Koha item type
        IMTN IMTN Rack 28-B 02/17/2010 BWE 17.95 8248 658.4012 DIX 14512 06/24/2024 48.5 06/24/2024 Books
Designed & Maintained by: LRC IMT Nagpur Contact: lrc@imtnag.ac.in© 2024. All Rights Reserved.